|
|
|
|
| LEADER |
00000naa2a2200000 4500 |
| 001 |
622583 |
| 005 |
20231224141103.0 |
| 035 |
|
|
|a (RuTPU)RU\TPU\conf\21352
|
| 035 |
|
|
|a RU\TPU\conf\21351
|
| 090 |
|
|
|a 622583
|
| 100 |
|
|
|a 20170525d2017 k y0rusy50 ca
|
| 101 |
0 |
|
|a rus
|
| 102 |
|
|
|a RU
|
| 105 |
|
|
|a y z 101zy
|
| 135 |
|
|
|a drgn ---uucaa
|
| 181 |
|
0 |
|a i
|
| 182 |
|
0 |
|a b
|
| 200 |
1 |
|
|a Повреждения технологического оборудования в результате химических воздействий в ходе производственных процессов
|f Т. Е. Зыкова, В. А. Якутова, П. В. Родионов
|
| 203 |
|
|
|a Текст
|c электронный
|
| 225 |
1 |
|
|a Защита окружающей среды, безопасность и охрана труда на предприятиях
|
| 300 |
|
|
|a Заглавие с экрана
|
| 320 |
|
|
|a [Библиогр.: с. 258 (4 назв.)]
|
| 330 |
|
|
|a Большинство металлов, а также некоторые прокладочные материалы сравнительно легко разрушаются при контакте с агрессивной средой. В статье излагается о всех видах коррозии и влиянии ее на средства производства при технологическом процессе, а также о способах и направлениях борьбы с ней.
|
| 463 |
|
0 |
|0 (RuTPU)RU\TPU\conf\21273
|t Инновационные технологии в машиностроении
|o сборник трудов VIII Международной научно-практической конференции, 18-20 мая 2017 г., Юрга
|f Национальный исследовательский Томский политехнический университет (ТПУ), Юргинский технологический институт (ЮТИ) ; под ред. Д. А. Чинахова
|v [С. 255-258]
|d 2017
|
| 610 |
1 |
|
|a труды учёных ТПУ
|
| 610 |
1 |
|
|a электронный ресурс
|
| 610 |
1 |
|
|a технологические процессы
|
| 610 |
1 |
|
|a химическое воздействие
|
| 610 |
1 |
|
|a коррозии
|
| 610 |
1 |
|
|a прокладочные материалы
|
| 610 |
1 |
|
|a протекторная защита
|
| 700 |
|
1 |
|a Зыкова
|b Т. Е.
|
| 701 |
|
1 |
|a Якутова
|b В. А.
|
| 701 |
|
1 |
|a Родионов
|b П. В.
|c специалист в области экологии и безопасности жизнедеятельности
|c старший преподаватель Юргинский технологический институт (филиала) Томского политехнического университета, кандидат педагогических наук
|f 1972-
|g Павел Вадимович
|3 (RuTPU)RU\TPU\pers\32092
|9 16131
|
| 712 |
0 |
2 |
|a Национальный исследовательский Томский политехнический университет (ТПУ)
|b Юргинский технологический институт (филиал) (ЮТИ)
|b Кафедра безопасности жизнедеятельности, экологии и физического воспитания (БЖДЭФВ)
|3 (RuTPU)RU\TPU\col\18930
|
| 801 |
|
2 |
|a RU
|b 63413507
|c 20170630
|g RCR
|
| 856 |
4 |
|
|u http://earchive.tpu.ru/handle/11683/38662
|
| 942 |
|
|
|c BK
|